| 000 | 00694nam a2200229Ia 4500 | ||
|---|---|---|---|
| 001 | 22179 | ||
| 003 | AR-BaAGN | ||
| 005 | 20231228103827.0 | ||
| 007 | ta | ||
| 008 | 211213nuuuuuuuuag |||||||||||||| ||spa d | ||
| 040 |
_dAR-BaAGN _aAR-BaAGN _bspa _eaacr |
||
| 100 |
_aIriarte, Tomás de, _d1794-1876 _96656 |
||
| 245 | 1 | 0 |
_aNapoleón y la libertad hispano-americana / _cTomás de Iriarte |
| 260 |
_aBuenos Aires : _bSociedad Impresora Americana, _c[fecha de publicación no identificada] |
||
| 300 | _a448 páginas | ||
| 336 |
_2rdacontent _btxt |
||
| 337 |
_2rdamedia _bn |
||
| 338 |
_2rdacarrier _bnc |
||
| 600 | 1 | 4 |
_aBonaparte, Napoleón, _d1769-1821 _97088 |
| 942 | _cLIBRO | ||
| 999 |
_c22179 _d22179 |
||